Leadership : (Record no. 540)

MARC details
000 -LEADER
fixed length control field 00905cam a2200277 a 4500
001 - CONTROL NUMBER
control field 12362100
003 - CONTROL NUMBER IDENTIFIER
control field OSt
005 - DATE AND TIME OF LATEST TRANSACTION
control field 20141021142539.0
008 - FIXED-LENGTH DATA ELEMENTS--GENERAL INFORMATION
fixed length control field 010328s2001 maua b 001 0 eng
010 ## - LIBRARY OF CONGRESS CONTROL NUMBER
LC control number 00133811
020 ## - INTERNATIONAL STANDARD BOOK NUMBER
International Standard Book Number 0618051864
040 ## - CATALOGING SOURCE
Original cataloging agency DLC
Transcribing agency DLC
Modifying agency DLC
050 00 - LIBRARY OF CONGRESS CALL NUMBER
Classification number HD57.7
Item number .D83 2001
082 00 - DEWEY DECIMAL CLASSIFICATION NUMBER
Classification number 303.3
Edition number 21
Item number DUB 2001
100 1# - MAIN ENTRY--PERSONAL NAME
Personal name DuBrin, Andrew J.
9 (RLIN) 1401
245 10 - TITLE STATEMENT
Title Leadership :
Remainder of title research findings, practice, and skills /
Statement of responsibility, etc. Andrew J. DuBrin.
250 ## - EDITION STATEMENT
Edition statement 3rd ed.
260 ## - PUBLICATION, DISTRIBUTION, ETC. (IMPRINT)
Place of publication, distribution, etc. Boston :
Name of publisher, distributor, etc. Houghton Mifflin,
Date of publication, distribution, etc. 2001.
300 ## - PHYSICAL DESCRIPTION
Extent xxiv, 487 p. :
Other physical details ill. ;
Dimensions 24 cm.
504 ## - BIBLIOGRAPHY, ETC. NOTE
Bibliography, etc Includes bibliographical references (p. 457-470) and indexes.
650 #0 - SUBJECT ADDED ENTRY--TOPICAL TERM
Topical term or geographic name as entry element Leadership.
9 (RLIN) 1402
650 #0 - SUBJECT ADDED ENTRY--TOPICAL TERM
Topical term or geographic name as entry element Employee motivation.
9 (RLIN) 1403
906 ## - LOCAL DATA ELEMENT F, LDF (RLIN)
a 7
b cbc
c origcop
d 2
e ncip
f 20
g y-gencatlg
942 ## - ADDED ENTRY ELEMENTS (KOHA)
Source of classification or shelving scheme Dewey Decimal Classification
Koha item type Short Loan
Holdings
Withdrawn status Lost status Source of classification or shelving scheme Damaged status Not for loan Home library Current library Date acquired Inventory number Total Checkouts Full call number Barcode Date last seen Price effective from Koha item type
    Dewey Decimal Classification     MUST Main Library MUST Main Library 21/10/2014 2002/17456   303.3 DUB 2001 2014-3047 21/10/2014 21/10/2014 Short Loan
    Dewey Decimal Classification     MUST Main Library MUST Main Library 10/03/2016 2002/17455   303.3 DUB 2001 2016-0418 10/03/2016 10/03/2016 Short Loan